ARRUPE JESUIT UNIVERSITY

CORONAVIRUS -STOP THE SPREAD - CLEAN,DISINFECT,COVER

Tropismes / (Record no. 124168)

MARC details
000 -LEADER
fixed length control field 00844cam a2200265 i 4500
001 - CONTROL NUMBER
control field 323470
003 - CONTROL NUMBER IDENTIFIER
control field ARRUPE
005 - DATE AND TIME OF LATEST TRANSACTION
control field 20160212101755.0
008 - FIXED-LENGTH DATA ELEMENTS--GENERAL INFORMATION
fixed length control field 750121s1972 enk b 000 1 fre
010 ## - LIBRARY OF CONGRESS CONTROL NUMBER
LC control number 74196218
020 ## - INTERNATIONAL STANDARD BOOK NUMBER
International Standard Book Number 0423846302 (pbk)
040 ## - CATALOGING SOURCE
Original cataloging agency DLC
Transcribing agency DLC
Modifying agency DLC
050 00 - LIBRARY OF CONGRESS CALL NUMBER
Classification number PQ2637.A783
Item number T7
082 00 - DEWEY DECIMAL CLASSIFICATION NUMBER
Classification number 843/.9/14
300 ## - PHYSICAL DESCRIPTION
Dimensions 20 cm.
100 1# - MAIN ENTRY--PERSONAL NAME
Personal name Sarraute, Nathalie.
9 (RLIN) 22273
245 10 - TITLE STATEMENT
Title Tropismes /
Statement of responsibility, etc [by] Nathalie Sarraute ; edited by Sheila M. Bell.
260 ## - PUBLICATION, DISTRIBUTION, ETC. (IMPRINT)
Place of publication, distribution, etc London :
Name of publisher, distributor, etc Methuen,
Date of publication, distribution, etc [1972]
300 ## - PHYSICAL DESCRIPTION
Extent xlvi, 64 p. ;
490 0# - SERIES STATEMENT
Series statement Methuen's twentieth century texts
500 ## - GENERAL NOTE
General note French text with English introd. and notes.
504 ## - BIBLIOGRAPHY, ETC. NOTE
Bibliography, etc Bibliography: p. xlv-xlvi.
700 1# - ADDED ENTRY--PERSONAL NAME
Personal name Bell, Sheila M.
Fuller form of name (Sheila Margaret),
Dates associated with a name 1937-
Relator term ed.
9 (RLIN) 22274
906 ## - LOCAL DATA ELEMENT F, LDF (RLIN)
a 7
b cbc
c orignew
d 3
e ncip
f 19
g y-gencatlg
942 ## - ADDED ENTRY ELEMENTS (KOHA)
Source of classification or shelving scheme Library of Congress Classification
Koha item type Monograph ( Printed materials)
Holdings
Withdrawn status Lost status Source of classification or shelving scheme Damaged status Not for loan Collection code Home library Current library Shelving location Date acquired Total Checkouts Full call number Barcode Date last seen Price effective from Koha item type
    Library of Congress Classification     Main Collection ARRUPE LIBRARY ARRUPE LIBRARY Main Collection 12/02/2016   PQ2637.A783T7 46500006813 26/03/2019 12/02/2016 Monograph ( Printed materials)

 

Arrupe Library. PO Box MP320 Mt Pleasant, Harare, Zimbabwe
263 242 745411|librarian@aju.ac.zw